Characters in the Skullduggery Pleasent Series - Statistics

General Stats
  • This quiz has been taken 227 times
  • The average score is 14 of 22
Answer Stats
Hint Answer % Correct
Collector of rare objects, makes everyone who meets her fall in love China Sorrows
96%
Protégé of above, true name is Darquess Valkyrie Cain
95%
Tailor friend of protagonist, was briefly a statute Ghastly Bespoke
93%
Expert Swordswoman, possesed by remmnent Tanith Low
91%
Protagonist of the Series, Skeleton Detective Skulduggery Pleasant
90%
The last known teleporter. Fletcher Renn
86%
One of Mevolent's generals, can cause agonising death with his right hand Nefarian Serpine
80%
Hitman Deluxe, able to travel through walls Billy Ray Sanguine
74%
The strongest man in the world, killed by a faceless one. Mr Bliss
70%
Powerful Vampire known for his grudes. Dusk
68%
Current Grand Mage, former member of the Dead Men Erskine Ravel
63%
Self proclaimed killer superme despite having not killing anyone Vaurien Scapegrace
59%
Owner of the Midnight Hotel. Anton Shudder
58%
Self Proclaimed Terror of London Springheeled Jack
57%
Uncle of Stephanie Edgley, currently a echo stone. Gordon Edgley
53%
Very Elderley Sorcerer, has the ability to transfom into a giant spider The Torment
53%
Medical Genius with a Phobia of Vampires. Kenspeckle Grouse
51%
Necromancer Cleric and Tutor of Valkyrie Cain. Solomon Wreath
51%
Vampire who becomes obsessed with Valkyrie Cain. Caelan
40%
Assassin with the ability to break bones with a single touch Tesseract
39%
Original Grand Mage, killed by Serpine. Eachan Meritorious
32%
Replacement Detective of Skullduggery Remus Crux
27%
No matching quizzes found
Score Distribution
Percent of People with Each Score
Percentile by Number Answered
Your Score History
You have not taken this quiz